| 000 | 00367nam a2200145Ia 4500 | ||
|---|---|---|---|
| 001 | 3944 | ||
| 008 | 241024s9999 xx 000 0 und d | ||
| 020 | _a978-9945-589-41-2 | ||
| 082 | _aRD/868.97293/SE489t/2014 | ||
| 100 | _aHaffe Serulle | ||
| 245 | 0 | _aEl tiempo de las olas | |
| 260 |
_bEditora Santuario _c2014 |
||
| 901 | _a10/3/2015 12:30:34 p.m. | ||
| 999 |
_c7690 _d7690 |
||